000 01005nam a2200229Ia 4500
001 19346
005 20260414150928.0
008 260306t2015||||xx |||||||||||||| ||spa||
041 _aESP
082 _a658.8342
_bS29 2015
100 _aSchiffman, Leon G.
_eAUT
245 0 _aComportamiento del consumidor
260 _c2015
300 _a464 páginas :
_c27 cm.
650 _aGEN
654 _aCAN
856 _uhttps://itmsp.museknowledge.com/UCSP?url=https://www.ebooks7-24.com:443/?il=3468&pg=1
_zVersión digital
856 _uhttps://0u213wer3-y-https-ebooks7--24-com.itmsp.museknowledge.com/biblioteca.aspx
_zVéase además: Base de datos Ebook7-24
856 _uhttps://0u20fwer6-y-https-research-ebsco-com.itmsp.museknowledge.com/c/qxo6us/search
_zVéase además: Base de datos EBSCOhost
856 _uhttps://0u20vwerb-y-https-ebookcentral-proquest-com.itmsp.museknowledge.com/lib/catolicasp/home.action
_zVéase además: Base de datos ProQuest Ebook Central
942 _cLIB
_dJUS
_fJUS
_2ddc
999 _c19346
_d19346